| 000 | 00995cam a2200145ua 4500 | ||
|---|---|---|---|
| 041 |
_aeng _h |
||
| 082 |
_a624.131 _bIND/ME |
||
| 110 | 1 |
_aIndian standards institution . _bISI _c() |
|
| 245 |
_aMethods of test for stabilized soils Part-1 method of sampling and preparation of stabilized soils for testing IS: 4332-1967 / _cIndian standards institution. _hTextual Documents |
||
| 260 |
_aNew Delhi : _bIndian standards institution , _c1968. |
||
| 300 | _a8 ; . | ||
| 504 | _a | ||
| 942 | _cBK | ||
| 999 |
_c9945 _d9945 |
||